书目信息 |
| 题名: |
儒家视野下的政治思想
|
|
| 作者: | 李明辉 著 | |
| 分册: | ||
| 出版信息: | 北京 北京大学出版社 2005 |
|
| 页数: | 199页 | |
| 开本: | 23cm | |
| 丛书名: | 政治与法律思想论丛 | |
| 单 册: | ||
| 中图分类: | D092.2 , B222.05 | |
| 科图分类: | ||
| 主题词: | 儒家--政治思想--研究 , 儒家 , 政治思想 | |
| 电子资源: | ||
| ISBN: | 7-301-09752-2 | |
| 000 | 00919oam2 2200289 450 | |
| 001 | 012007634872 | |
| 005 | 20070522181427.39 | |
| 010 | @a7-301-09752-2@dCNY22.00 | |
| 100 | @a20070515d2005 km y0chiy0120 ea | |
| 101 | 0 | @achi |
| 102 | @aCN@b110000 | |
| 105 | @ay z 000yy | |
| 106 | @ar | |
| 200 | 1 | @a儒家视野下的政治思想@Aru jia shi ye xia de zheng zhi si xiang@f李明辉著@Fli ming hui zhu |
| 210 | @a北京@c北京大学出版社@d2005 | |
| 215 | @a199页@d23cm | |
| 225 | 2 | @a政治与法律思想论丛 |
| 330 | @a本书内容包括:阳明学与民主政治,性善说与民主政治,儒家传统与人权,存心伦理学,责任伦理学与儒家思想,儒学,义务论与社群主义等。 | |
| 461 | 0 | @12001 @a政治与法律思想论丛 |
| 606 | 0 | @a儒家@x政治思想@x研究 |
| 606 | 0 | @a儒家 |
| 606 | 0 | @a政治思想 |
| 690 | @aD092.2@v4 | |
| 690 | @aB222.05 @v4 | |
| 701 | 0 | @a李明辉@Ali ming hui@f(1953~)@4著 |
| 801 | 0 | @aCN@bRULIN@c20070522 |
| 905 | @dD092.2@e108@s8 | |
| 儒家视野下的政治思想/李明辉著.-北京:北京大学出版社,2005 |
| 199页;23cm.-(政治与法律思想论丛) |
| ISBN 7-301-09752-2:CNY22.00 |
| 本书内容包括:阳明学与民主政治,性善说与民主政治,儒家传统与人权,存心伦理学,责任伦理学与儒家思想,儒学,义务论与社群主义等。 |
| ● |
| 相关链接 |
|
|
|
|
正题名:儒家视野下的政治思想
索取号:D092.2/108
 
预约/预借
| 序号 | 登录号 | 条形码 | 馆藏地/架位号 | 状态 | 备注 |
| 1 | 0580117 | 205801177 | 第一样本阅览室/ [索取号:D092.2/108] | 在馆 | |
| 2 | 0580118 | 205801186 | 密集书库/ [索取号:D092.2/108] | 在馆 | |
| 3 | 0580119 | 205801195 | 第一借阅区/ [索取号:D092.2/108] | 在馆 | |
| 4 | 0580120 | 205801202 | 第一借阅区/ [索取号:D092.2/108] | 在馆 | |
| 5 | 0580121 | 205801211 | 密集书库/ [索取号:D092.2/108] | 在馆 | |
| 6 | 0580122 | 205801220 | 密集书库/ [索取号:D092.2/108] | 在馆 | |
| 7 | 0580123 | 205801239 | 密集书库/ [索取号:D092.2/108] | 在馆 | |
| 8 | 0580124 | 205801248 | 第一借阅区/ [索取号:D092.2/108] | 在馆 |